A guide to ethics
Spremljeno u:
| Glavni autor: | |
|---|---|
| Format: | Knjiga |
| Jezik: | Undetermined |
| Izdano: |
Boston
McGraw-Hill
2002
|
| Teme: | |
| Oznake: |
Dodaj oznaku
Bez oznaka, Budi prvi tko označuje ovaj zapis!
|
| Thư viện lưu trữ: | Trung tâm Học liệu Trường Đại học Cần Thơ |
|---|
| LEADER | 00458nam a2200193Ia 4500 | ||
|---|---|---|---|
| 001 | CTU_129930 | ||
| 008 | 210402s9999 xx 000 0 und d | ||
| 020 | |c 25.79 | ||
| 082 | |a 170 | ||
| 082 | |b L965 | ||
| 100 | |a Luper, Steven | ||
| 245 | 2 | |a A guide to ethics | |
| 245 | 0 | |c Steven Luper | |
| 260 | |a Boston | ||
| 260 | |b McGraw-Hill | ||
| 260 | |c 2002 | ||
| 650 | |a Ethics | ||
| 904 | |i Giang | ||
| 980 | |a Trung tâm Học liệu Trường Đại học Cần Thơ | ||